Production Quality Improvement and Economic Benefits of Non-assembled Technology in an Industrial Enterprise

Ekonomický prínos tribodiagnostiky a s ňou súvisiace zvýšenie kvality sektorov v priemyselných podnikoch. Výpočet nákladov pred zavedením tribodiagnostiky a s ním súviasiaci výpočet úspory nákladov.

Salvato in:
Dettagli Bibliografici
Autore principale: Chlopecký, Jakub
Altri autori: Moravec, Ladislav, Pala, Tomáš, Klimek, Miroslav
Natura: Capitolo di libro
Lingua:inglese
Soggetti:
Tags: Aggiungi Tag
Nessun Tag, puoi essere il primo ad aggiungerne!!

MARC

LEADER 00000nla a2200000 4500
001 0240473
005 20240502073916.3
041 0 |a eng 
044 |a SK 
245 1 0 |a Production Quality Improvement and Economic Benefits of Non-assembled Technology in an Industrial Enterprise  |c Jakub Chlopecký, Ladislav Moravec, Tomáš Pala, Miroslav Klimek 
520 |a Ekonomický prínos tribodiagnostiky a s ňou súvisiace zvýšenie kvality sektorov v priemyselných podnikoch. Výpočet nákladov pred zavedením tribodiagnostiky a s ním súviasiaci výpočet úspory nákladov. 
610 2 0 |a benefity 
610 2 0 |a manažment 
610 2 0 |a priemysel ťažký 
610 2 0 |a podnik priemyselný 
100 1 |a Chlopecký, Jakub 
700 1 |a Moravec, Ladislav 
700 1 |a Pala, Tomáš 
700 1 |a Klimek, Miroslav